[Event "IRI-ch U18"]
[Site "Chess.com INT"]
[Date "2021.01.26"]
[Round "6"]
[White "Alizadeh, Mohammad Mahdi"]
[Black "Behroozimoghaddam, Hamed"]
[Result "0-1"]
[WhiteElo "1856"]
[BlackElo "2057"]
[PlyCount "108"]
[EventDate "2021.01.26"]
[EventType "swiss"]
[EventRounds "9"]
[EventCountry "IRI"]
[SourceTitle "CBM 200 Extra"]
[Source "ChessBase"]
[SourceDate "2021.03.31"]
[SourceVersion "1"]
[SourceVersionDate "2021.03.31"]
[SourceQuality "1"]

1. d4 Nf6 2. c4 g6 3. Nf3 Bg7 4. g3 d5 5. Bg2 0-0 6. 0-0 dxc4 7. Na3 c3 8. bxc3 c5 9. Ne5 Nc6 10. Nxc6 bxc6 11. Qa4 cxd4 12. cxd4 Bd7 13. Qc2 Rc8 14. Bd2 c5 15. d5 e6 16. d6 Qb6 17. Nc4 Qa6 18. Rfc1 Nd5 19. Rab1 Rb8 20. e4 Rxb1 21. Rxb1 Nc3 22. Bxc3 Qxc4 23. Rc1 Rb8 24. h3 Bf8 25. e5 Qb5 26. Bf1 Qb7 27. Bd2 Rc8 28. Be3 Qd5 29. Qc3 Bc6 30. f3 Qxf3 31. Bf4 Qh1+ 32. Kf2 Qh2+ 33. Ke1 Qxa2 34. Qxc5 h6 35. Be2 g5 36. Bd2 Bg7 37. Qxc6 Rxc6 38. Rxc6 Qa1+ 39. Rc1 Qxe5 40. d7 Qxg3+ 41. Kd1 Qg1+ 42. Kc2 Qc5+ 43. Kd1 Qg1+ 44. Kc2 Qb6 45. Kd1 Bf6 46. Rc8+ Kg7 47. Ke1 Qg1+ 48. Bf1 Qg3+ 49. Kd1 Qf3+ 50. Be2 Qd5 51. Rc7 Be5 52. Rxa7 Bf4 53. Ra2 Qxa2 54. d8Q Qb1+ 0-1

[Event "IRI-ch U18"]
[Site "Chess.com INT"]
[Date "2021.01.26"]
[Round "4"]
[White "Behroozimoghaddam, Hamed"]
[Black "Nazari, Arad"]
[Result "1/2-1/2"]
[WhiteElo "2057"]
[BlackElo "2298"]
[PlyCount "104"]
[EventDate "2021.01.26"]
[EventType "swiss"]
[EventRounds "9"]
[EventCountry "IRI"]
[SourceTitle "CBM 200 Extra"]
[Source "ChessBase"]
[SourceDate "2021.03.31"]
[SourceVersion "1"]
[SourceVersionDate "2021.03.31"]
[SourceQuality "1"]

1. Nf3 Nf6 2. c4 g6 3. Nc3 d5 4. cxd5 Nxd5 5. Qb3 Nxc3 6. Qxc3 f6 7. d4 Bg7 8. Bf4 c6 9. e4 0-0 10. Bc4+ Kh8 11. 0-0 Nd7 12. Rad1 Nb6 13. Bb3 Bg4 14. h3 Bd7 15. Rfe1 Qe8 16. a4 g5 17. Bg3 g4 18. hxg4 Bxg4 19. Rd3 f5 20. exf5 Rxf5 21. Rde3 Bxf3 22. Rxf3 Nd5 23. Bxd5 Rxd5 24. Be5 Bxe5 25. dxe5 e6 26. Qb4 b6 27. Rf6 Rad8 28. Qg4 Qd7 29. Rxe6 c5 30. Qf5 Qg7 31. Rf6 c4 32. Rf7 Qg6 33. Qxg6 hxg6 34. e6 Kg8 35. Rxa7 Rd1 36. Rxd1 Rxd1+ 37. Kh2 Kf8 38. Rd7 Ra1 39. Rb7 Rxa4 40. Rxb6 Ke7 41. Kg3 Kf6 42. e7+ Kxe7 43. Rxg6 Rb4 44. Rg4 Kd6 45. Rd4+ Ke5 46. Rd2 Ke4 47. Kg4 Rb8 48. Re2+ Kd3 49. Re3+ Kd4 50. Re2 Kd3 51. Re3+ Kd4 52. Re2 Kd3 1/2-1/2

[Event "IRI-ch U18"]
[Site "Chess.com INT"]
[Date "2021.01.26"]
[Round "5"]
[White "Naseralavi, Seyyedarmin"]
[Black "Behroozimoghaddam, Hamed"]
[Result "0-1"]
[WhiteElo "1863"]
[BlackElo "2057"]
[PlyCount "82"]
[EventDate "2021.01.26"]
[EventType "swiss"]
[EventRounds "9"]
[EventCountry "IRI"]
[SourceTitle "CBM 200 Extra"]
[Source "ChessBase"]
[SourceDate "2021.03.31"]
[SourceVersion "1"]
[SourceVersionDate "2021.03.31"]
[SourceQuality "1"]

1. d4 Nf6 2. c4 g6 3. Nc3 d5 4. cxd5 Nxd5 5. e4 Nxc3 6. bxc3 Bg7 7. Bc4 0-0 8. Ne2 Qd7 9. Be3 b6 10. h4 Qg4 11. Nf4 Qxd1+ 12. Rxd1 e6 13. h5 Nc6 14. hxg6 hxg6 15. Ke2 Na5 16. Bd3 Bb7 17. Nh3 c5 18. dxc5 Bxc3 19. cxb6 axb6 20. Bxb6 Nc6 21. Bb1 Ba6+ 22. Ke3 Rfb8 23. Rc1 Rxb6 24. Rxc3 Ne5 25. Bc2 Rb2 26. Bb3 Rd8 27. Rc2 Rd3+ 28. Kf4 Rdxb3 29. axb3 Nd3+ 30. Ke3 Rxc2 31. Ra1 Nb4 32. Ra4 Rc3+ 33. Kd4 Rxb3 34. Nf4 Nc2+ 35. Ke5 Bb5 36. Ra5 Kg7 37. Ra7 Bc4 38. Nh3 Rb5+ 39. Kf4 Nd4 40. Ng5 Ne2+ 41. Ke3 Rxg5 0-1

[Event "Avicenna op 15th"]
[Site "Hamedan"]
[Date "2018.08.18"]
[Round "2"]
[White "Morchiashvili, Bachana"]
[Black "Behroozimoghaddam, Hamed"]
[Result "1-0"]
[WhiteElo "2382"]
[BlackElo "1987"]
[PlyCount "49"]
[EventDate "2018.08.17"]
[EventType "swiss"]
[EventRounds "9"]
[EventCountry "IRI"]
[SourceTitle "CBM 186 Extra"]
[Source "ChessBase"]
[SourceDate "2018.08.24"]
[SourceVersion "1"]
[SourceVersionDate "2018.08.24"]
[SourceQuality "1"]

1. d4 Nf6 2. Nf3 e6 3. e3 c5 4. c4 b6 5. Nc3 Bb7 6. d5 d6 7. Bd3 e5 8. 0-0 g6 9. Nd2 Bg7 10. f4 exf4 11. exf4 0-0 12. Nde4 Nxe4 13. Nxe4 Bc8 14. f5 Bxf5 15. Rxf5 gxf5 16. Ng3 Nd7 17. Nxf5 Ne5 18. Qh5 Nxd3 19. Bh6 Re8 20. Bxg7 Ne5 21. Rf1 Ng6 22. Nh6+ Kxg7 23. Rxf7+ Kh8 24. Rxh7+ Kxh7 25. Nf5+ 1-0

[Event "Arak op 15th"]
[Site "Arak"]
[Date "2016.08.12"]
[Round "2"]
[White "Behroozimoghaddam, Hamed"]
[Black "Vaghar, Mohsen"]
[Result "0-1"]
[WhiteElo "1835"]
[BlackElo "2211"]
[PlyCount "102"]
[EventDate "2016.08.11"]
[EventType "swiss"]
[EventRounds "11"]
[EventCountry "IRI"]
[SourceTitle "CBM 173 Extra"]
[Source "ChessBase"]
[SourceDate "2016.08.29"]
[SourceVersion "1"]
[SourceVersionDate "2016.08.29"]
[SourceQuality "1"]

1. e4 c6 2. d4 d5 3. exd5 cxd5 4. c4 Nf6 5. Nc3 e6 6. Nf3 Be7 7. cxd5 Nxd5 8. Bd3 0-0 9. 0-0 Nc6 10. Bc2 Ncb4 11. Bb3 b6 12. a3 Nxc3 13. bxc3 Nc6 14. Re1 Ba6 15. Ne5 Nxe5 16. Rxe5 Bf6 17. Re3 Rc8 18. Rh3 g6 19. Bf4 Re8 20. Qg4 Bc4 21. Bxc4 Rxc4 22. Qe2 Qd5 23. Bd2 Rd8 24. Rf3 Bg7 25. h3 b5 26. Rb1 Bf8 27. Re3 a6 28. Re5 Qc6 29. Rb3 Bg7 30. Re4 Rd5 31. Rb4 Bf8 32. Rb3 a5 33. Re5 a4 34. Rb2 Bxa3 35. Ra2 Bf8 36. Qe4 Bd6 37. Rxd5 exd5 38. Qh4 Qd7 39. Qf6 Rc6 40. Qg5 Bf8 41. Qe5 Qd8 42. Rb2 Re6 43. Qf4 a3 44. Ra2 Qc8 45. g3 Re8 46. Qf3 Qc4 47. Ra1 Qe2 48. Qxe2 Rxe2 49. Ra2 b4 50. Kf1 Rxd2 51. Rxd2 b3 0-1

[Event "Rafsanjan op 1st"]
[Site "Rafsanjan"]
[Date "2015.08.11"]
[Round "2"]
[White "Behroozimoghaddam, Hamed"]
[Black "Roohparvar, A Reza"]
[Result "0-1"]
[WhiteElo "1634"]
[BlackElo "1995"]
[PlyCount "82"]
[EventDate "2015.08.10"]
[EventType "swiss"]
[EventRounds "9"]
[EventCountry "IRI"]
[SourceTitle "EXT 2016"]
[Source "ChessBase"]
[SourceDate "2015.10.08"]
[SourceVersion "1"]
[SourceVersionDate "2015.10.08"]
[SourceQuality "1"]

1. e4 g6 2. d4 Bg7 3. f4 c5 4. Nf3 cxd4 5. Nxd4 Qb6 6. Nb3 d6 7. Bd3 Nf6 8. Nc3 0-0 9. Be2 Nc6 10. Bf3 Be6 11. Qe2 Nb4 12. Qd1 Rac8 13. Bd2 a5 14. Rc1 Nd7 15. Ra1 Ra8 16. Nc1 a4 17. a3 Nc6 18. Rb1 Nc5 19. N1e2 Na5 20. Bc1 Nc4 21. h3 Qa5 22. Bd2 Nxd2 23. Qxd2 Bc4 24. Nd4 e5 25. fxe5 dxe5 26. Nde2 Rad8 27. Qe3 f5 28. 0-0 f4 29. Qf2 Rd2 30. Rbc1 Rfd8 31. Rfd1 Ne6 32. Rxd2 Rxd2 33. Qe1 Qb6+ 34. Kh2 Qe3 35. Nd1 Qxf3 36. Qxd2 Qxe2 37. Qd7 f3 38. Ne3 Qxe3 39. Qc8+ Bf8 40. Qxc4 Qf4+ 41. g3 Qd2+ 0-1